| 000 | 00694nam a2200181 i 4500 | ||
|---|---|---|---|
| 001 | 99586 | ||
| 003 | ES-MaACL | ||
| 005 | 20230906182524.0 | ||
| 007 | t| | ||
| 008 | 050913s1922 sp |||| | spa d | ||
| 100 | 1 |
_aMartínez Angel, Manuel. _977858 |
|
| 245 | 1 | 0 |
_aArquitectura legal _b: resumen de las disposiciones legales relacionadas con la propiedad, la construcción y con el ejercicio profesional del arquitecto / _cpor D. Manuel Martínez Ángel. |
| 260 |
_aMadrid : _b[s.n.], _c1922 ( _fSuc. de Rivadeneyra) |
||
| 300 |
_a2 v. ; _c22 cm. |
||
| 650 | 4 |
_aConstrucción- _xDerecho- _zEspaña. _9161574 |
|
| 650 |
_aDerecho urbanístico- _zEspaña. _9145987 |
||
| 852 |
_aES-MaACL _jA-3129-30 |
||
| 999 |
_c99586 _d99586 |
||